|
|
|
|
| LEADER |
00000nkm a2200000 a 4500 |
| 001 |
vtls001360869 |
| 003 |
SK-MaSNL |
| 005 |
20260512121948.0 |
| 007 |
kp bo |
| 008 |
231121q1920 xr g 0kuslo |
| 015 |
|
|
|a SNBG
|
| 035 |
|
|
|a SNK000314435
|
| 035 |
|
|
|a urn:nbn:sk:snk-km004yuw
|
| 035 |
|
|
|a 6625B736-0B5E-4D6A-8FEB-E1AE917FD2EB
|
| 035 |
|
|
|a urn:nbn:sk:snk-kmtftt
|
| 040 |
|
|
|a SNK
|b slo
|c SNK
|e AACR2
|
| 041 |
0 |
|
|a slo
|
| 043 |
|
|
|a e-xo---
|
| 044 |
|
|
|a xr
|c CZ
|
| 072 |
|
7 |
|a 913
|x Regionálna geografia
|2 konspekt
|
| 080 |
|
|
|a 913(437.6)
|2 2001
|
| 080 |
|
|
|a (084.121)
|2 2001
|
| 080 |
|
|
|a 556.53
|2 2001
|
| 080 |
|
|
|a 721
|2 2011
|
| 245 |
0 |
0 |
|a Dolné Vrútky
|h grafika
|
| 260 |
|
|
|a [Praha]
|b JKO
|c [medzi 1920 a 1964?]
|
| 300 |
|
|
|a 1 pohľadnica
|b čiernobiela
|c 9 x 14 cm
|
| 520 |
8 |
|
|a Zobrazenie: Pohľad na dolnú časť Vrútkok pri železničnom moste cez rieku Turiec
|
| 650 |
0 |
7 |
|a budovy
|2 SNKPH
|9 1283
|
| 650 |
0 |
7 |
|a rieky
|2 SNKPH
|9 29644
|
| 651 |
|
7 |
|a Vrútky (Slovensko)
|2 SNKPHgeo
|9 55637
|
| 651 |
|
7 |
|a Turiec (Slovensko : rieka : prítok Váhu)
|2 SNKPHgeo
|9 162752
|
| 655 |
|
7 |
|a miestne pohľadnice
|2 SNKPH
|9 70510
|
| 852 |
|
|
|a Slovenská národná knižnica
|
| 958 |
|
|
|a GBN
|
| 958 |
|
|
|a OND
|
| 958 |
|
|
|a GC
|
| 958 |
|
|
|a EUIPO
|
| 999 |
|
|
|c 548775
|d 550705
|
| 952 |
|
|
|a SNK
|b SNK
|y PREZ
|7 0
|p 17A0190659
|o snkSP 117356
|0 0
|1 0
|4 0
|d 1999-04-20
|f 1
|l 0
|r 2005-01-02 00:00:00
|w 2026-02-23
|